| 000 | 02176nam a22003137a 4500 | ||
|---|---|---|---|
| 999 |
_c22215 _d22215 |
||
| 003 | AR-CdUCM | ||
| 008 | 190425b ||||| |||| 00| 0 spa d | ||
| 040 |
_aMUNICIPALIDAD PROVINCIAL DEL CUSCO _cBIBLIOTECA MUNICIPAL DEL CUSCO |
||
| 082 | _aQollana/N°6/1998 | ||
| 245 |
_aQollana : _brevista de Antropología / _cJulio Edmundo Olivera L, Director |
||
| 260 |
_aCusco. _bQollana, _c1998. |
||
| 300 |
_a60 páginas. : _bilustraciones ; _c30 cm. |
||
| 440 |
_aQollana. _nAño6,N°6, octubre, noviembre 1998. _947661 |
||
| 505 | _aContenido: Visión de la Arqueología en el Cusco. -- La Etnoarqueología una nueva forma de analizar la cultura material. -- Antecedentes del estudio de la Arquitectura prehispánica. -- Plomadas Inka descubiertas en la cantera de Waqoto su relación con la talla y ensamble angular de bloques líticos en la Arquitectura Inka del Cusco. -- La restauración de un recinto incaico en Machupicchu. -- Arqueología de Cusco y Manuel Chávez Ballón. -- Piquillagta y Wari. -- Contribución al estudio de la hidráulica Inka Urbana el caso de Saphy Huatanay. -- Qaluyo un estilo del Horizonte Temprano en el Altiplano del Sur aproximaciones en sus fases. -- El periodo pre alfarero del Noroeste del Altiplano peruano aproximaciones a través de comparaciones Ayaviri Melgar Puno. -- Con respecto al Escudo de Echenique. -- I conversatorio con respecto al escudo del Cusco. -- Un símbolo andino de avanzados conocimientos Astronómicos. -- El arte surrealista de Chavín de Huántar. -- Programa de preservación y desarrollo PPRED. -- El señor de Sipán. | ||
| 650 |
_aCultura andina _947570 |
||
| 650 |
_aArquitectura Inka _945226 |
||
| 650 |
_aArqueología cusqueña _99322 |
||
| 650 |
_aSiglo XX _947561 |
||
| 700 |
_aMormontoy Atayupanqui, Alfredo _947061 |
||
| 700 |
_aGonzales Corrales, José _946586 |
||
| 700 |
_aTovar Cayo, José Luis _947662 |
||
| 700 |
_aValencia Zegarra, Alfredo _918086 |
||
| 700 |
_aCalvo Calvo, Rossano _944156 |
||
| 700 |
_aChávez Ballón, Manuel _945977 |
||
| 700 |
_aPalomino Díaz, Julio _93902 |
||
| 700 |
_aCalero Flores, Jorge _947663 |
||
| 942 |
_2ddc _cPP |
||
| 945 | _arac | ||